| 000 | 00854nam a2200289Ia 4500 | ||
|---|---|---|---|
| 008 | 160803s9999 xx 000 0 und d | ||
| 020 | _a978-0439559737 | ||
| 100 | _aStilton, Geronimo | ||
| 245 | _aIt's Halloween, you 'fraidy mouse! / | ||
| 245 | _cGeronimo Stilton ; English translation by Joan L. Giurdanella. | ||
| 260 | _aNew York : | ||
| 260 | _bScholastic Inc. | ||
| 260 | _c2004 | ||
| 300 | _a113 pages : | ||
| 300 | _b color illustrations, maps ; | ||
| 300 | _c20 cm. | ||
| 440 | _aGeronimo Stilton ; | ||
| 440 | _vbk. 11 | ||
| 500 | _a"With 30 pages of Halloween games and costumes!"--Cover. | ||
| 650 | _aHalloween -- | ||
| 650 | _aMice -- | ||
| 650 | _aStilton, Geronimo (Fictitious character) -- | ||
| 650 | _xJuvenile fiction. | ||
| 650 | _xJuvenile fiction. | ||
| 650 | _xJuvenile fiction. | ||
| 700 | _a410 | ||
| 999 |
_c298257 _d298257 |
||